[Event "Barcelona Sant Marti op-B 23rd"]
[Site "Barcelona"]
[Date "2023.07.13"]
[Round "1"]
[White "Castillo Rosa, Jose Luis"]
[Black "Lopez Capape, Armando"]
[Result "0-1"]
[WhiteElo "1403"]
[BlackElo "1746"]
[PlyCount "30"]
[EventDate "2023.07.13"]
[EventType "swiss"]
[EventRounds "9"]
[EventCountry "ESP"]
[SourceTitle "CBM 215 Extra"]
[Source "ChessBase"]
[SourceDate "2023.09.30"]
[SourceVersion "1"]
[SourceVersionDate "2023.09.30"]
[SourceQuality "1"]

1. e4 c5 2. c3 d5 3. exd5 Qxd5 4. Nf3 e5 5. Na3 Be7 6. Bc4 Qe4+ 7. Kf1 Nh6 8. Qa4+ Kf8 9. d3 Qf5 10. Bd5 Qxd3+ 11. Ke1 Qxd5 12. Bxh6 gxh6 13. Rd1 Qc6 14. Qb5 f6 15. Qd3 e4 0-1

[Event "Barcelona Tres Peons-C"]
[Site "Barcelona"]
[Date "2021.03.24"]
[Round "5"]
[White "Castillo Rosa, Jose Luis"]
[Black "Pifarre Gene, Joan Baptista"]
[Result "1-0"]
[WhiteElo "1480"]
[BlackElo "1421"]
[PlyCount "75"]
[EventDate "2021.02.24"]
[EventType "tourn"]
[EventRounds "9"]
[EventCountry "ESP"]
[SourceTitle "EXT 2022"]
[Source "ChessBase"]
[SourceDate "2021.10.06"]
[SourceVersion "1"]
[SourceVersionDate "2021.10.06"]
[SourceQuality "1"]

1. e4 c5 2. d4 cxd4 3. Nf3 Nc6 4. c3 dxc3 5. Nxc3 e6 6. Bc4 a6 7. Qe2 b5 8. Bb3 Nge7 9. 0-0 Ng6 10. Rd1 Nce5 11. Nxe5 Nxe5 12. Bf4 Ng6 13. Bg3 Bc5 14. Rac1 Qb6 15. Nd5 exd5 16. exd5+ Kf8 17. d6 Bb7 18. a4 Re8 19. Qh5 bxa4 20. Bxa4 Bxf2+ 21. Bxf2 Qb4 22. Bxd7 Re5 23. Qf3 f6 24. Bc6 Nf4 25. d7 Ke7 26. Bxb7 Ne2+ 27. Kh1 Nxc1 28. Rxc1 Rd8 29. Bc6 Qxb2 30. Rd1 Qc2 31. Qa3+ Kf7 32. Qf3 Rf5 33. Bd5+ Ke7 34. Qa3+ Kxd7 35. Bc6+ Kxc6 36. Qxa6+ Kc7 37. Qb6+ Kc8 38. Rxd8# 1-0

[Event "Barcelona Tres Peons-C"]
[Site "Barcelona"]
[Date "2021.03.10"]
[Round "3"]
[White "Castillo Rosa, Jose Luis"]
[Black "Segador Sanchez, Didac"]
[Result "1-0"]
[WhiteElo "1480"]
[BlackElo "1290"]
[PlyCount "59"]
[EventDate "2021.02.24"]
[EventType "tourn"]
[EventRounds "9"]
[EventCountry "ESP"]
[SourceTitle "EXT 2022"]
[Source "ChessBase"]
[SourceDate "2021.10.06"]
[SourceVersion "1"]
[SourceVersionDate "2021.10.06"]
[SourceQuality "1"]

1. e4 c5 2. d4 cxd4 3. c3 dxc3 4. Nxc3 d6 5. Bc4 e6 6. Nf3 Be7 7. 0-0 Nf6 8. Qe2 Nc6 9. Rd1 Qc7 10. Bf4 0-0 11. Rac1 a6 12. Bb3 e5 13. Bg5 Be6 14. Bxf6 Bxf6 15. Nd5 Qd8 16. Nxf6+ gxf6 17. Bd5 Qd7 18. a3 Rac8 19. Qd2 Bg4 20. Bxc6 Rxc6 21. Rxc6 Qxc6 22. Qd3 Rd8 23. h3 Bh5 24. Nh4 Bxd1 25. Qg3+ Kf8 26. Nf5 Qxe4 27. Qg7+ Ke8 28. Qxf6 Qe1+ 29. Kh2 Kd7 30. Qxd6+ 1-0

[Event "Barcelona Tres Peons-C"]
[Site "Barcelona"]
[Date "2021.02.24"]
[Round "1"]
[White "Molina Tabernero, Jordi"]
[Black "Castillo Rosa, Jose Luis"]
[Result "1-0"]
[WhiteElo "1390"]
[BlackElo "1480"]
[PlyCount "69"]
[EventDate "2021.02.24"]
[EventType "tourn"]
[EventRounds "9"]
[EventCountry "ESP"]
[SourceTitle "EXT 2022"]
[Source "ChessBase"]
[SourceDate "2021.10.06"]
[SourceVersion "1"]
[SourceVersionDate "2021.10.06"]
[SourceQuality "1"]

1. e4 e5 2. Nf3 Nc6 3. d4 exd4 4. Nxd4 Nf6 5. f3 Bc5 6. Be3 Qe7 7. Nf5 Qe5 8. Bxc5 Qxc5 9. Nxg7+ Kd8 10. Nf5 d6 11. g4 Re8 12. Nc3 Bxf5 13. gxf5 Nd4 14. Bd3 Nxf5 15. Qd2 Ne3 16. Na4 Qd4 17. c3 Qxa4 18. Qxe3 Kd7 19. Qe2 a6 20. Bc2 Qa5 21. a3 Rad8 22. 0-0-0 Kc8 23. Rd2 Qb6 24. Rhd1 Rg8 25. Qc4 Rg1 26. Qxf7 Rxd1+ 27. Bxd1 d5 28. e5 Nd7 29. e6 Ne5 30. Qf5 Kb8 31. Qxe5 Re8 32. e7 Ka7 33. Rxd5 Qh6+ 34. f4 Qh4 35. Rd7 1-0

[Event "Barcelona Tres Peons op 22nd"]
[Site "Barcelona"]
[Date "2020.01.29"]
[Round "4"]
[White "Garnica Nebot, Francesco"]
[Black "Castillo Rosa, Jose Luis"]
[Result "1-0"]
[WhiteElo "1933"]
[BlackElo "1510"]
[PlyCount "83"]
[EventDate "2020.01.08"]
[EventType "swiss"]
[EventRounds "9"]
[EventCountry "ESP"]
[SourceTitle "CBM 195 Extra"]
[Source "ChessBase"]
[SourceDate "2020.05.31"]
[SourceVersion "1"]
[SourceVersionDate "2020.05.31"]
[SourceQuality "1"]

1. d4 Nf6 2. Nf3 d6 3. g3 Nbd7 4. Bg2 e5 5. dxe5 dxe5 6. 0-0 Be7 7. b3 0-0 8. Bb2 Ng4 9. h3 e4 10. Nd4 Ngf6 11. c4 c6 12. Qc2 Ne5 13. Kh2 Bc5 14. Rd1 Qd7 15. Bc3 Rd8 16. b4 Bb6 17. c5 Bc7 18. Na3 Qe7 19. Bb2 Nfg4+ 20. hxg4 Nxg4+ 21. Kg1 e3 22. f4 Nf2 23. Rf1 Bxf4 24. gxf4 Qh4 25. Nf3 Qg3 26. Rxf2 Qxf2+ 27. Kh2 Rd5 28. Be5 Rd2 29. Qc1 Bg4 30. Qe1 Qxe2 31. Qxe2 Rxe2 32. Kg3 h5 33. Nc4 Re8 34. Nd6 Re7 35. Bd4 f6 36. Nc4 Re4 37. Rd1 Rxa2 38. Nxe3 f5 39. Rd3 Ra4 40. Ng5 Re7 41. Bc3 g6 42. Rd8+ 1-0

[Event "Barcelona Sant Marti op-B 20th"]
[Site "Barcelona"]
[Date "2018.07.21"]
[Round "9"]
[White "Castillo Rosa, Jose Luis"]
[Black "Juncosa Padros, Ernest"]
[Result "0-1"]
[WhiteElo "1402"]
[BlackElo "1212"]
[PlyCount "78"]
[EventDate "2018.07.13"]
[EventType "swiss"]
[EventRounds "9"]
[EventCountry "ESP"]
[SourceTitle "EXT 2019"]
[Source "ChessBase"]
[SourceDate "2018.10.10"]
[SourceVersion "1"]
[SourceVersionDate "2018.10.10"]
[SourceQuality "1"]

1. e4 e6 2. d4 d5 3. Nd2 c5 4. Ngf3 Nc6 5. c3 Qb6 6. Bd3 a6 7. 0-0 cxd4 8. cxd4 Nxd4 9. Nxd4 Qxd4 10. Nf3 Qb6 11. e5 Bc5 12. a3 Bd7 13. b4 Bd4 14. Nxd4 Qxd4 15. Bb5 Qxa1 16. Qa4 Bxb5 17. Qc2 Bxf1 18. Kxf1 Qxe5 19. g3 Nf6 20. Bf4 Qf5 21. Qc5 e5 22. Be3 Rc8 23. Qd6 Rc6 24. Qb8+ Qc8 25. Qa7 0-0 26. Bc5 Rd8 27. Be7 Rd7 28. Bxf6 b6 29. Qxd7 Qxd7 30. Bxe5 Qh3+ 31. Ke2 Re6 32. f4 f6 33. Kd3 fxe5 34. fxe5 Rxe5 35. Kd4 Qf5 36. b5 Re4+ 37. Kd3 Qf3+ 38. Kd2 Re2+ 39. Kd1 Qf1# 0-1

[Event "Barcelona Sant Marti op-B 20th"]
[Site "Barcelona"]
[Date "2018.07.19"]
[Round "7"]
[White "Gupta, Ritvik"]
[Black "Castillo Rosa, Jose Luis"]
[Result "1-0"]
[WhiteElo "1021"]
[BlackElo "1402"]
[PlyCount "95"]
[EventDate "2018.07.13"]
[EventType "swiss"]
[EventRounds "9"]
[EventCountry "ESP"]
[SourceTitle "EXT 2019"]
[Source "ChessBase"]
[SourceDate "2018.10.10"]
[SourceVersion "1"]
[SourceVersionDate "2018.10.10"]
[SourceQuality "1"]

1. e4 c5 2. Nf3 e6 3. d4 cxd4 4. Nxd4 a6 5. Nc3 Qc7 6. Bd3 Nf6 7. 0-0 Nc6 8. Nxc6 dxc6 9. f4 e5 10. Kh1 b5 11. a3 Bd6 12. f5 Bb7 13. Bg5 0-0-0 14. Qd2 Be7 15. Qf2 c5 16. Bxf6 gxf6 17. Rfd1 c4 18. Be2 Bc5 19. Rxd8+ Rxd8 20. Qe1 Bd4 21. Bf3 Bc6 22. Rd1 Rg8 23. b4 Rg5 24. Ne2 Be3 25. Qh4 Rg7 26. Qxf6 Rg8 27. Rd6 Bg5 28. Qxe5 Rd8 29. Rxd8+ Qxd8 30. Nd4 Bb7 31. Qc5+ Kb8 32. Nc6+ Bxc6 33. Qxc6 Qd2 34. Qe8+ Bd8 35. h3 f6 36. e5 Qe1+ 37. Kh2 Qxe5+ 38. Qxe5+ fxe5 39. Be4 h5 40. g3 Kc7 41. h4 Kb6 42. Kh3 a5 43. g4 Be7 44. g5 axb4 45. axb4 Bxb4 46. g6 Bf8 47. f6 b4 48. g7 1-0

[Event "Barcelona Tres Peons-B 47th"]
[Site "Barcelona"]
[Date "2018.06.08"]
[Round "7.1"]
[White "Fernandez Pintado, Xavier"]
[Black "Castillo Rosa, Jose Luis"]
[Result "1-0"]
[WhiteElo "1629"]
[BlackElo "1379"]
[PlyCount "30"]
[EventDate "2018.04.27"]
[EventType "tourn"]
[EventRounds "9"]
[EventCountry "ESP"]
[SourceTitle "EXT 2024"]
[Source "ChessBase"]
[SourceDate "2023.10.10"]
[SourceVersion "1"]
[SourceVersionDate "2023.10.10"]
[SourceQuality "1"]

1. d4 Nf6 2. c4 e5 3. d5 Bc5 4. Nc3 d6 5. e3 Bb4 6. Nge2 Bf5 7. a3 Bxc3+ 8. Nxc3 c6 9. Be2 Nbd7 10. 0-0 Nc5 11. f3 Qb6 12. b4 Ncd7 13. Na4 Qc7 14. e4 Bg6 15. dxc6 Qxc6 1-0

[Event "Barcelona Tres Peons-B 47th"]
[Site "Barcelona"]
[Date "2018.06.01"]
[Round "6.1"]
[White "Castillo Rosa, Jose Luis"]
[Black "Molina Tabernero, Jordi"]
[Result "1-0"]
[WhiteElo "1379"]
[BlackElo "1458"]
[PlyCount "86"]
[EventDate "2018.04.27"]
[EventType "tourn"]
[EventRounds "9"]
[EventCountry "ESP"]
[SourceTitle "EXT 2024"]
[Source "ChessBase"]
[SourceDate "2023.10.10"]
[SourceVersion "1"]
[SourceVersionDate "2023.10.10"]
[SourceQuality "1"]

1. e4 e5 2. Ne2 Nf6 3. f4 Nxe4 4. d3 Nc5 5. fxe5 Nc6 6. Nf4 Ne6 7. d4 Nexd4 8. Bc4 Qe7 9. 0-0 Qc5 10. Bxf7+ Kd8 11. Kh1 Nxe5 12. Nd3 Nxd3 13. Qxd3 Be7 14. Be3 Bf6 15. c3 Qe7 16. Bxd4 Qxf7 17. Nd2 d5 18. Rae1 Be6 19. Qf3 Rf8 20. Qg3 h5 21. Nf3 Bxd4 22. cxd4 Bg4 23. Nd2 Qg8 24. Qh4+ Kc8 25. Qe7 Rxf1+ 26. Rxf1 b6 27. Rf8+ Qxf8 28. Qxf8+ Kb7 29. Qxg7 Re8 30. h3 Re1+ 31. Kh2 Bd1 32. Qg5 c6 33. Nf3 Bxf3 34. gxf3 Re2+ 35. Kg3 Rxb2 36. Qxh5 Rxa2 37. Qf7+ Ka6 38. h4 b5 39. Qe7 Ra4 40. Qc5 Rc4 41. Qa3+ Kb6 42. h5 b4 43. Qb2 Rxd4 1-0

[Event "Barcelona Tres Peons-B 47th"]
[Site "Barcelona"]
[Date "2018.05.25"]
[Round "5.1"]
[White "Suarez Garcia, Mario"]
[Black "Castillo Rosa, Jose Luis"]
[Result "1/2-1/2"]
[WhiteElo "1610"]
[BlackElo "1379"]
[PlyCount "85"]
[EventDate "2018.04.27"]
[EventType "tourn"]
[EventRounds "9"]
[EventCountry "ESP"]
[SourceTitle "EXT 2024"]
[Source "ChessBase"]
[SourceDate "2023.10.10"]
[SourceVersion "1"]
[SourceVersionDate "2023.10.10"]
[SourceQuality "1"]

1. e4 c5 2. Nf3 e6 3. d4 cxd4 4. Nxd4 a6 5. c4 Qc7 6. a3 Nf6 7. Nc3 Nc6 8. Be3 b6 9. Be2 Bb7 10. f3 Be7 11. Na4 d6 12. Nxc6 Bxc6 13. Nxb6 Rb8 14. Na4 Qa5+ 15. Nc3 Rxb2 16. Qc1 Rb3 17. Bd2 Qc7 18. Rb1 Qb7 19. Qc2 Rxb1+ 20. Qxb1 0-0 21. Qxb7 Bxb7 22. 0-0 d5 23. exd5 exd5 24. Nxd5 Nxd5 25. cxd5 Bxa3 26. Rb1 Bxd5 27. Bxa6 Ra8 28. Kf2 h6 29. Bd3 Bc5+ 30. Be3 Bd6 31. Rb2 g5 32. g3 Be5 33. Rd2 Ra2 34. Be4 Be6 35. Rxa2 Bxa2 36. f4 gxf4 37. Bxf4 Bxf4 38. gxf4 Kg7 39. Kg3 Bb3 40. Kg4 Be6+ 41. Bf5 Kf6 42. Bxe6 fxe6 43. h4 1/2-1/2

[Event "Barcelona Tres Peons-B 47th"]
[Site "Barcelona"]
[Date "2018.05.18"]
[Round "4.1"]
[White "Castillo Rosa, Jose Luis"]
[Black "Pifarre Gene, Joan Baptista"]
[Result "1-0"]
[WhiteElo "1379"]
[BlackElo "1503"]
[PlyCount "59"]
[EventDate "2018.04.27"]
[EventType "tourn"]
[EventRounds "9"]
[EventCountry "ESP"]
[SourceTitle "EXT 2024"]
[Source "ChessBase"]
[SourceDate "2023.10.10"]
[SourceVersion "1"]
[SourceVersionDate "2023.10.10"]
[SourceQuality "1"]

1. e4 e6 2. d4 d5 3. e5 c5 4. c3 Nc6 5. Nf3 Qb6 6. Be2 Be7 7. Nbd2 Bd7 8. Qb3 Qc7 9. c4 Na5 10. Qe3 cxd4 11. Qxd4 Bc5 12. Qg4 g6 13. b3 0-0-0 14. Qf4 Nc6 15. Bb2 Nge7 16. 0-0 f5 17. a3 g5 18. Nxg5 Ng6 19. Qg3 Ncxe5 20. b4 Be7 21. cxd5 f4 22. Qb3 exd5 23. Rac1 Nc6 24. Bxh8 Bxg5 25. Qxd5 Rxh8 26. Qxg5 Rg8 27. Nf3 Nge7 28. Qh6 Bf5 29. Rfd1 Rg6 30. Qf8+ 1-0

[Event "Barcelona Tres Peons-C 46th"]
[Site "Barcelona"]
[Date "2017.06.16"]
[Round "9.5"]
[White "Perez Serrallonga, Maxima"]
[Black "Castillo Rosa, Jose Luis"]
[Result "0-1"]
[WhiteElo "1366"]
[BlackElo "1700"]
[PlyCount "50"]
[EventDate "2017.04.21"]
[EventType "swiss"]
[EventRounds "9"]
[EventCountry "ESP"]
[SourceTitle "EXT 2024"]
[Source "ChessBase"]
[SourceDate "2023.10.10"]
[SourceVersion "1"]
[SourceVersionDate "2023.10.10"]
[SourceQuality "1"]

1. d4 Nf6 2. Nc3 d5 3. e3 e6 4. a3 Be7 5. Nf3 Nbd7 6. Bd3 b6 7. 0-0 Bb7 8. Re1 c5 9. Bb5 a6 10. Bxd7+ Nxd7 11. e4 cxd4 12. Nxd4 dxe4 13. Nxe4 0-0 14. Nc6 Bxc6 15. Ng3 Bc5 16. Re2 Nf6 17. Rd2 Nd5 18. Qg4 Qf6 19. Ne4 Qe5 20. Re2 Nf6 21. Nxf6+ Qxf6 22. c3 a5 23. Bg5 Qg6 24. Qh4 Be7 25. Bxe7 Qxg2# 0-1

[Event "Barcelona Tres Peons-C 46th"]
[Site "Barcelona"]
[Date "2017.06.09"]
[Round "8.2"]
[White "Castillo Rosa, Jose Luis"]
[Black "Pardines Gracia, Cristian"]
[Result "1-0"]
[WhiteElo "1700"]
[BlackElo "1694"]
[PlyCount "129"]
[EventDate "2017.04.21"]
[EventType "swiss"]
[EventRounds "9"]
[EventCountry "ESP"]
[SourceTitle "EXT 2024"]
[Source "ChessBase"]
[SourceDate "2023.10.10"]
[SourceVersion "1"]
[SourceVersionDate "2023.10.10"]
[SourceQuality "1"]

1. e4 e6 2. d4 d5 3. e5 c5 4. c3 cxd4 5. cxd4 Nc6 6. Nf3 Bb4+ 7. Bd2 Qb6 8. Bxb4 Qxb4+ 9. Qd2 Nge7 10. a3 Qb6 11. Nc3 Nf5 12. Na4 Qb3 13. Nc5 Qb6 14. b4 a6 15. Be2 Qa7 16. Bd1 b6 17. Ba4 Bd7 18. Bxc6 Bxc6 19. Nd3 Bb5 20. 0-0 0-0 21. Rfc1 Rfc8 22. Nf4 h6 23. Ra2 Ba4 24. g4 Ne7 25. Nh4 g5 26. Nh5 Nc6 27. Nf3 f5 28. Nxg5 hxg5 29. Nf6+ Kf8 30. Qxg5 fxg4 31. Qg8+ Ke7 32. Qg7+ Kd8 33. Qf8+ Kc7 34. Qd6+ Kb7 35. Qxe6 Nxd4 36. Qxd5+ Nc6 37. Rd2 Rd8 38. Qf7+ Kc8 39. Rxd8+ Kxd8 40. Qd5+ Kc7 41. e6 Rd8 42. Qe5+ Kc8 43. e7 Rh8 44. e8Q+ Rxe8 45. Qxe8+ Kb7 46. Re1 Qb8 47. Qxb8+ Kxb8 48. Nxg4 Nd4 49. Ne5 Nc2 50. Rc1 Nxa3 51. h4 Be8 52. f4 Nb5 53. f5 Nd6 54. f6 Nf7 55. Nxf7 Bxf7 56. Kf2 a5 57. bxa5 bxa5 58. Kg3 Kb7 59. Kf4 Kb6 60. Kg5 a4 61. h5 Kb5 62. h6 a3 63. h7 Kb4 64. h8Q Kb3 65. Qb8+ 1-0

[Event "Foment Martinenc op-C 19st"]
[Site "Barcelona"]
[Date "2017.05.27"]
[Round "6.18"]
[White "De Santiago Gordo, Abel"]
[Black "Castillo Rosa, Jose Luis"]
[Result "0-1"]
[WhiteElo "1824"]
[BlackElo "1700"]
[PlyCount "66"]
[EventDate "2017.04.22"]
[EventType "swiss"]
[EventRounds "9"]
[EventCountry "ESP"]
[SourceTitle "EXT 2024"]
[Source "ChessBase"]
[SourceDate "2023.10.10"]
[SourceVersion "1"]
[SourceVersionDate "2023.10.10"]
[SourceQuality "1"]

1. d4 Nf6 2. Nf3 e6 3. Bf4 Nc6 4. e3 a6 5. Bd3 g6 6. 0-0 Bg7 7. c4 d5 8. Nc3 Ne7 9. h3 dxc4 10. Bxc4 b5 11. Bd3 Bb7 12. Ne5 Ned5 13. Bh2 Nxc3 14. bxc3 Qd5 15. Nf3 0-0 16. Bxc7 Rac8 17. Ba5 Ne4 18. Qb3 Qc6 19. Bxe4 Qxe4 20. Rfc1 Rc4 21. Qc2 Qc6 22. Ne1 f5 23. f3 g5 24. Qf2 g4 25. Qg3 gxh3 26. Nd3 f4 27. Nxf4 hxg2 28. Nh5 Rf7 29. Kxg2 Qd7 30. Rf1 Kh8 31. Bb4 e5 32. Rac1 Qf5 33. Qg4 Qxg4+ 0-1